Jesucristo: ¿mito o acontecimiento histórico? (Registro nro. 70045)
[ vista simple ]
| 000 -LÍDER | |
|---|---|
| Campo fijo de descripción fija | 01684nab a2200217 i 4500 |
| 001 - NÚMERO DE CONTROL | |
| Campo de control | 768714001 |
| 003 - IDENTIFICADOR DEL NÚMERO DE CONTROL | |
| Campo de control | CO-MdFUSB |
| 005 - FECHA Y HORA DE LA ULTIMA TRANSACCIÓN | |
| control field | 20240609113322.0 |
| 008 - ELEMENTOS DE LONGITUD FIJA -- INFORMACIÓN GENERAL | |
| Campo fijo de descripción fija -- Información general | 240604t1976 ag ||||| |||| 00| 0 spa d |
| 040 ## - FUENTE DE CATALOGACIÓN | |
| Idioma de catalogación | spa |
| Agencia que realiza la transcripción | CO-MdFUSB |
| Agencia que realiza la modificación | CO-MdFUSB |
| 041 ## - CÓDIGO DE IDIOMA | |
| Código de idioma para texto/pista de sonido o título separado | spa |
| 100 ## - ASIENTO PRINCIPAL--NOMBRE PERSONAL | |
| Nombre personal | Jeremias, Joachim, |
| Fechas asociadas con el nombre | 1900-1979 |
| Término relacionador | autor |
| 245 ## - TÍTULO | |
| Título | Jesucristo: ¿mito o acontecimiento histórico? |
| Mención de responsabilidad | / Joachim Jeremías |
| 520 ## - NOTA DE RESUMEN, ETC. | |
| Nota de sumario, etc. | Para un no experto, la cuestión de si el Jesús histórico y su mensaje están conectados con el cristianismo puede parecer un desafío inútil. En la iglesia antigua, durante la Reforma y los dos siglos siguientes, a nadie se le ocurrió pensar en tal problema. El problema con el Jesús histórico es reciente, ya que es un producto de la Ilustración.<br/>El impacto de la influencia de Rudolf Bultmann ha llevado a un cambio sorprendente en la "teología crítica" durante las últimas décadas. Se atreve a admitirlo y se dirige con todo el equipo al campamento enemigo. Él dice "no" a toda la historia. Su explicación es que acceder al Jesús histórico es una empresa inalcanzable e inútil, lo que le lleva a regresar a la remota fortaleza del kerygma. Dos razones explican su rechazo del Jesús histórico: 1) la ausencia de fuentes y 2) la falta de comprensión respecto del profeta judío y su predicación. Y ambos no tienen relación con la fe.<br/> |
| 650 #7 - ASIENTO SECUNDARIO DE MATERIA - TERMINO TEMÁTICO | |
| Término temático o nombre geográfico como elemento de entrada | Cristología |
| 9 (RLIN) | 239 |
| 650 #7 - ASIENTO SECUNDARIO DE MATERIA - TERMINO TEMÁTICO | |
| Término temático o nombre geográfico como elemento de entrada | Fe |
| 9 (RLIN) | 531 |
| 650 #7 - ASIENTO SECUNDARIO DE MATERIA - TERMINO TEMÁTICO | |
| Término temático o nombre geográfico como elemento de entrada | Iglesia |
| 9 (RLIN) | 655 |
| 773 0# - ASIENTO DE ITEM FUENTE | |
| Biblionumber | 69974 |
| Itemnumber | 82718 |
| Lugar, editorial y fecha de publicación | Buenos Aires |
| Otro identificador del ítem | R2610 |
| Título | Certeza |
| Número de control del registro | (CO-MdFUSB)768714001 |
| Parte(s) relacionada(s) / Volumen., número. (mes año), páginas | Número 64, (octubre - diciembre, 1976) páginas: 234 - 239 |
| Enumeración y primera página | página: 234 |
| 942 ## - TIPO DE MATERIAL (KOHA) | |
| Tipo de Item KOHA | Artículos de Revista |
| 945 ## - INFORMACIÓN LOCAL DEL REGISTRO | |
| Catalogador | Catherine Arias Álvarez - Practicante SENA |
No hay ítems disponibles.
